| 000 | 01176nam0a22003131 4500 | ||
|---|---|---|---|
| 001 | rc\3199664 | ||
| 005 | 20250530094310.0 | ||
| 021 |
_aRU _b76-95356 |
||
| 021 |
_aRU _bРг2063-77 |
||
| 035 | _a(NLR Aleph) 007344961 | ||
| 090 |
_a6148547 _c6148546 |
||
| 100 | _a20120628d1976 |||y0rusy50 ca | ||
| 101 | 0 | _arus | |
| 102 | _aRU | ||
| 105 | _ay z ||||| | ||
| 200 | 1 | _aОпределение констант скорости диссоциации азота методом случайного поиска | |
| 210 |
_aМосква _cБ. и. _d1976 |
||
| 215 |
_a9 с. _d20 |
||
| 225 | 1 |
_aИнститут прикладной математики АН СССР. Препринт _v№ 125 |
|
| 300 | _aПеред загл. авт.: В.Б. Митрофанов, А.А. Филюков, М.С. Яловик | ||
| 320 | _aБиблиогр.: с. 9 | ||
| 700 | 1 |
_aМитрофанов _bВ.Б. _gВладимир Борисович |
|
| 701 | 1 |
_aФилюков _bА.А. _gАлександр Александрович |
|
| 701 | 1 |
_aЯловик _bМ.С. |
|
| 801 | 0 |
_aRU _bNLR _gpsbo |
|
| 801 | 1 |
_aRU _bELAR _2rusmarc |
|
| 852 |
_aNLR _j77-4/2818 |
||
| 942 | _cBOOK | ||
| 980 | _aNB | ||